000 00293nam a22001337a 4500
008 170915b xxu||||| |||| 00| 0 eng d
020 _a0394729322
041 _aeng
080 _a7
100 _a44
101 _aART
245 _aITALIAN GOTHIC SCULPTURE
_cHENNESY.J.P
942 _2udc
_cBK
999 _c27758
_d27758